|
|
แสดงรายละเอียดบรรณานุกรม |
|
|
Brief Record
: Get Marc (ISO 2709)
: E-mail record
: |
| LEADER 00000nama 2200000uu 4500 | |||
| 008 040531s2520 th m m a000 0 tha d | |||
| 041 tha | |||
| 050 HQ763.5 ก218 2520 | |||
| 100 กระทรวงสาธารณสุข. โครงการวางแผนครอบบครัว | |||
| 245 คำบรรยายประกอบการสอนการวางแผนครอบครัว 001 | |||
| 260 กรุงเทพฯ กระทรวง 2520 | |||
| 300 228 หน้า | |||
| 650 การวางแผนครอบครัว | |||
| 998 1998-02-11 | |||
| คุณยังไม่ได้ล็อกอิน คุณสามารถมีกิจกรรมร่วมกับเว็บไซต์ได้ แต่ต้องล็อกอินก่อน :: |
|
| สถานะ | |||||||||
| 1. | หนังสือทั่วไป | HQ763.5 ก218 2520 | On Shelf ขอยืม | ||||||
| [แสดง 1/1 รายการ] | |||||||||
| รายการใกล้เคียง หัวเรื่อง [การวางแผนครอบครัว]
|
BibComment |
| คอมเมนท์ทรัพยากรรายการนี้ |
|
|